000 00718cam a22001931 4500
082 _a355.02
_bCLA
_cL-30, P-145
100 1 _aClausewitz, Carl von,
245 1 2 _aA short guide to Clausewitz on war.
_cEdited and with an introd. by Roger Ashley Leonard. Pref. by Michael Howard.
250 _a[1st American ed.]
260 _aNew York,
_bPutnam
_c[1967]
300 _axi, 237 p.
_c21 cm.
500 _aExtracts selected from the English translation of Vom Kriege published in London in 1962.
526 _a0
_b0
_c0
_d355_020000000000000_CLA
650 0 _aMilitary art and science.
_937914
650 0 _aWar.
700 1 _aClausewitz, Carl von,
_948735
700 1 _aLeonard, Roger Ashley,
_948736
942 _2ddc
_cBK
999 _c551587
_d551587